LIBRARY ONLINE CATALOGUE

Enemy access denied / (Record no. 8157)

MARC details
000 -LEADER
fixed length control field 00659nam a22002172 4500
001 - CONTROL NUMBER
control field 0000012031
005 - DATE AND TIME OF LATEST TRANSACTION
control field 20151217152106.0
008 - FIXED-LENGTH DATA ELEMENTS--GENERAL INFORMATION
fixed length control field 090126s xx 000 0 eng d
020 ## - INTERNATIONAL STANDARD BOOK NUMBER
International Standard Book Number 1591859604 :
040 ## - CATALOGING SOURCE
Original cataloging agency KABU
Transcribing agency KABU
100 1# - MAIN ENTRY--PERSONAL NAME
Personal name Bevere, John.
-- 0000161083
245 10 - TITLE STATEMENT
Title Enemy access denied /
Statement of responsibility, etc. John Bevere.
250 ## - EDITION STATEMENT
Edition statement 1st ed.
260 ## - PUBLICATION, DISTRIBUTION, ETC. (IMPRINT)
Place of publication, distribution, etc. Lake Mary, Florida :
Name of publisher, distributor, etc. Charisma House,
Date of publication, distribution, etc. 2006.
300 ## - PHYSICAL DESCRIPTION
Extent vii, 187 p.
500 ## - GENERAL NOTE
General note Previously published as The Devil's door by Charisma House.
650 #0 - SUBJECT ADDED ENTRY--TOPICAL TERM
Topical term or geographic name as entry element Spiritual warfare.
-- 0000149472
852 1# - LOCATION
-- p980 KES
908 ## - PUT COMMAND PARAMETER (RLIN)
Put command parameter 090126
950 ## - LOCAL HOLDINGS (RLIN)
-- 1
Holdings
Withdrawn status Lost status Source of classification or shelving scheme Not for loan Home library Current library Date acquired Total Checkouts Full call number Barcode Date last seen Price effective from Koha item type
    Library of Congress Classification   Kabarak, Main Campus Kabarak, Main Campus 17/12/2015   BV4509.5 .B48 2006 c. 1 16343 17/12/2015 17/12/2015 General Collection